000 00622nam a2200229Ia 4500
003 OSt
005 20220918203108.0
006 a|||||r|||| 00| 0
007 ta
008 220917b |||||||| |||| 00| 0 eng d
024 _a105,971
037 _cTextual
040 _aARTS
_cARTS
_beng
041 _2eng
_aeng
082 _aV3:194:N59-M85, K0
100 _aJohnson F A
_9106781
245 0 _aDefence by Committee
_b the British committee of imperial defence 1885-1959
260 _c1960
650 _aHISTORY
942 _hV3:194:N59-M85, K0
_cTEXL
_2CC
999 _c229329
_d229329